| 000 | 00995 a2200241 4500 | ||
|---|---|---|---|
| 003 | Nust | ||
| 005 | 20170207171532.0 | ||
| 010 | _a 2005298256 | ||
| 020 | _a047189964X | ||
| 035 | _a(OCoLC)ocm59135306 | ||
| 040 | _cNust | ||
| 082 | 0 | 4 | _a621.3813 |
| 245 | 0 | 0 |
_aMicrowave devices, circuits and subsystems for communications engineering (EBOOK) _cedited by I.A. Glover, S.R. Pennock and P.R. Shepherd. |
| 260 |
_aChichester, England ; _aHoboken, NJ : _bJohn Wiley & Sons, Ltd, _cc2005. |
||
| 300 |
_axviii, 531 p. : _bill. ; _c26 cm. |
||
| 650 | 0 | _aMicrowave communication systems. | |
| 700 | 1 |
_aGlover, Ian, _d1959- |
|
| 700 | 1 | _aPennock, S. R. | |
| 700 | 1 | _aShepherd, Peter | |
| 856 | 4 | 2 |
_3Contributor biographical information _uhttp://www.loc.gov/catdir/enhancements/fy0627/2005298256-b.html |
| 856 | 4 | 2 |
_3Publisher description _uhttp://www.loc.gov/catdir/enhancements/fy0627/2005298256-d.html |
| 856 | 4 | 2 |
_3Table of contents only _uhttp://www.loc.gov/catdir/enhancements/fy0627/2005298256-t.html |
| 942 |
_2ddc _cBK |
||
| 999 |
_c217052 _d217052 |
||